Tribhuvan University Central Library

Design of masonry structure: for bachelor degree in civil engineering (Record no. 112714)

MARC details
000 -LEADER
fixed length control field 00471nam a22001577a 4500
008 - FIXED-LENGTH DATA ELEMENTS--GENERAL INFORMATION
fixed length control field 240421b |||||||| |||| 00| 0 eng d
020 ## - INTERNATIONAL STANDARD BOOK NUMBER
International Standard Book Number 9789937874656
082 ## - DEWEY DECIMAL CLASSIFICATION NUMBER
Classification number 624/T829d
100 ## - MAIN ENTRY--PERSONAL NAME
Personal name Thapa, Kamal Bahadur
245 ## - TITLE STATEMENT
Title Design of masonry structure: for bachelor degree in civil engineering
260 ## - PUBLICATION, DISTRIBUTION, ETC.
Place of publication, distribution, etc. Kathmandu:
Name of publisher, distributor, etc. National Book Center,
Date of publication, distribution, etc. 2015.
300 ## - PHYSICAL DESCRIPTION
Other physical details 184p.; ill.
504 ## - BIBLIOGRAPHY, ETC. NOTE
Bibliography, etc. note Bibliography: p.184
650 ## - SUBJECT ADDED ENTRY--TOPICAL TERM
Topical term or geographic name entry element civil engineering
942 ## - ADDED ENTRY ELEMENTS (KOHA)
Source of classification or shelving scheme Dewey Decimal Classification
Koha item type ISBN
Holdings
Withdrawn status Lost status Source of classification or shelving scheme Damaged status Not for loan Home library Current library Date acquired Total Checkouts Full call number Barcode Date last seen Price effective from Koha item type
    Dewey Decimal Classification     Tribhuvan University Central Library Tribhuvan University Central Library 04/21/2024   624/T829d IS20358 04/21/2024 04/21/2024 ISBN
    Dewey Decimal Classification     Tribhuvan University Central Library Tribhuvan University Central Library 08/28/2024   624/T829d IS10888 08/28/2024 08/28/2024 ISBN